LEADER 01072nam2 22003133i 450 001 UFI0483998 005 20251003044429.0 010 $a008044847X$bpbk 100 $a20070730d2005 ||||0itac50 ba 101 | $aeng 102 $anl 181 1$6z01$ai $bxxxe 182 1$6z01$an 200 1 $aˆ3: The ‰crust$fedited by R. L. Rudnick 210 $aAmsterdam [etc.]: Elsevier$d2005 215 $aXVII, 683 p.$cill.$d28 cm. 461 1$1001RMS1023710$12001 $aTreatise on geochemistry$fedited by H.D. Holland and K.K. Turekian$v3 606 $aGeochimica$2FIR$3CFIC049408$9E 676 $a551.9$9$v14 696 $aGeologia chimica 699 $aGeochimica$yGeologia chimica 702 1$aRudnick$b, Roberta L.$3USMV635599 801 3$aIT$bIT-000000$c20070730 850 $aIT-BN0095 912 $aUFI0483998 950 2$aBiblioteca Centralizzata di Ateneo$cv. 1-9$d 01SALA 551.9 TRE$e 0104 0000003745 VMA (3 v. 3$fA $h20070730$i20070730 977 $a 01 996 $aCrust$9108853 997 $aUNISANNIO